Normal view
MARC view
- الفار ، عبد القادر ، مراجعة وتدقيق ، ملكاوي ، بشار عدنان
Entry Personal Name
001 - CONTROL NUMBER
- control field: 11704
003 - CONTROL NUMBER IDENTIFIER
- control field: JO-AjAnu
005 - DATE AND TIME OF LATEST TRANSACTION
- control field: 20230606072158.0
008 - FIXED-LENGTH DATA ELEMENTS
- fixed length control field: 230606|| aca||aabn | a|a d
040 ## - CATALOGING SOURCE
- Original cataloging agency: JO-AjAnu
- Transcribing agency: JO-AjAnu
100 ## - HEADING--PERSONAL NAME
- Personal name: الفار ، عبد القادر ، مراجعة وتدقيق ، ملكاوي ، بشار عدنان
670 ## - SOURCE DATA FOUND
- Source citation: Work cat.: (JO-AjAnu)6030: الفار ، عبد القادر ، مراجعة وتدقيق ، ملكاوي ، بشار عدنان , author, أحكام الالتزام آثار الحق في القانون المدني